000
00272nam a22001217a 4500
041
_a
ENG
100
_a
Rao.D.L.N
245
_a
Salinity Management for Sustainable Agriculture
260
_a
Karnal
_b
ICAR
_c
1994
300
_a
314
650
_a
IDE ( 05 )
856
_u
IDE ( 05 )
999
_c
2781
_d
2781